| 000 | 00758nab a2200229 u 4500 | ||
|---|---|---|---|
| 001 | 10453 | ||
| 003 | HDC | ||
| 007 | cr bn ---aaaaa | ||
| 008 | 210204b20102010my d||ne |||| 00| 0 eng d | ||
| 040 | _aHDC | ||
| 245 | 0 |
_aPush to lift domestic investment _c/ News Strait Times |
|
| 260 |
_aMalaysia: _bNew Straits Times Press (M) Bhd., _c2010 |
||
| 300 | _a1 online resource | ||
| 336 |
_atext _2rdacontent |
||
| 337 |
_acomputer _2rdamedia |
||
| 338 |
_aonline resource _2rdacarrier |
||
| 650 |
_aTrade _xMalaysia _99427 |
||
| 856 | _zRequest full-text at [email protected] | ||
| 942 | _2lcc | ||
| 942 | _cNEWS | ||
| 942 | _kNWSC 0000420 | ||
| 999 |
_c7776 _d7776 |
||